000 00604nam a22001457a 4500
020 _a978-0-671-50525-7
082 _a823
_bDIX/H
100 _aDIXON, FRANKLIN W
245 _aTHE HARDY BOYS - THE SEARCH FOR THE SNOW LEOPARD
260 _aNEW YORK
_bALADDIN PAPERBACKS
_c2002
300 _a154
520 _aA rare and beautiful snow leopard, a gift from Princess Salamaji of Rashipah, has disappeared from the Bayport Zoo, and the boys suspect foul play. Their suspicions are confirmed when the Princess herself vanishes...a victim of kidnapping!
650 _aMYSTERY STORY
_zUNITED STATES
942 _cBK
999 _c7802
_d7802